[Event "17th Asia-ch (w)"]
[Site "Manila PHI"]
[Date "2013.05.22"]
[Round "5.20"]
[White "Sultana, Sharmin Shirin"]
[Black "Romero, Gladys Hazelle"]
[Result "0-1"]
[WhiteElo "2005"]
[BlackElo "1927"]
[EventDate "2013.05.18"]
[PlyCount "90"]

1.d4 d6 2.c4 e5 3.d5 f5 4.Nc3 Nf6 5.g3 Be7 6.Bg2 O-O 7.Qc2 a5 8.e4 Na6 9.
Be3 Ng4 10.h3 Nxe3 11.fxe3 Bg5 12.Qe2 f4 13.exf4 exf4 14.g4 Bh4+ 15.Kd2 
Nc5 16.Nf3 Bg3 17.Kc2 Bd7 18.Raf1 c6 19.Kb1 Re8 20.Nd4 Rb8 21.Rd1 Qf6 22.
Bf3 Qe5 23.Ka1 cxd5 24.cxd5 a4 25.a3 b5 26.Ndxb5 Bxb5 27.Nxb5 Nxe4 28.Bxe4
Qxe4 29.Qxe4 Rxe4 30.Nxd6 Re2 31.Nc4 f3 32.Rhf1 f2 33.d6 Rd8 34.Ka2 Re1 
35.b4 Re2+ 36.Kb1 Kf7 37.b5 Ke6 38.Rd2 Re1+ 39.Rd1 Rxf1 40.Rxf1 Kd5 41.
Nb6+ Kxd6 42.Nc4+ Kc5 43.Nb2 Kxb5 44.Kc2 Re8 45.Nd3 Re1 0-1

[Event "17th Asia-ch (w)"]
[Site "Manila PHI"]
[Date "2013.05.23"]
[Round "6.1"]
[White "Mongontuul, Batchujagijn"]
[Black "Gomes, Mary Ann"]
[Result "1/2-1/2"]
[WhiteElo "2442"]
[BlackElo "2387"]
[EventDate "2013.05.18"]
[PlyCount "80"]

1.e4 e6 2.d4 d5 3.Nc3 Nf6 4.exd5 exd5 5.Bd3 Nc6 6.Nf3 Bg4 7.Be3 Nb4 8.Be2 
Bf5 9.Rc1 Ne4 10.Nxe4 dxe4 11.Ne5 f6 12.a3 fxe5 13.axb4 exd4 14.Bxd4 Qg5 
15.O-O O-O-O 16.Ra1 Bh3 17.g3 c5 18.Be3 Rxd1 19.Bxg5 Rd5 20.Bf4 Bd6 21.
Bxd6 Rxd6 22.Rfe1 cxb4 23.Rxa7 Kb8 24.Ra4 Rc8 25.Rxb4 Rxc2 26.Rxe4 Rxb2 
27.Bg4 Bxg4 28.Rxg4 Rd7 29.Re8+ Ka7 30.Rh8 g6 31.Rh4 h5 32.Rf4 Rd6 33.g4 
hxg4 34.Rxg4 Rf6 35.Rg8 Rfxf2 36.Ra4+ Kb6 37.Rxg6+ Kb5 38.Ra7 Rxh2 39.
Rxb7+ Kc5 40.Rxb2 Rxb2 1/2-1/2

[Event "17th Asia-ch (w)"]
[Site "Manila PHI"]
[Date "2013.05.23"]
[Round "6.2"]
[White "Wang Jue"]
[Black "Guo Qi"]
[Result "1/2-1/2"]
[WhiteElo "2401"]
[BlackElo "2439"]
[EventDate "2013.05.18"]
[PlyCount "113"]

1.e4 c6 2.d4 d5 3.Nc3 dxe4 4.Nxe4 Nd7 5.Ng5 Ngf6 6.Bd3 e6 7.N1f3 Bd6 8.Qe2
h6 9.Ne4 Nxe4 10.Qxe4 Qc7 11.O-O b6 12.Qg4 Kf8 13.b3 Bb7 14.Bb2 Nf6 15.Qh3
Nd5 16.g3 c5 17.c4 Nf6 18.d5 exd5 19.Bxf6 gxf6 20.cxd5 Bxd5 21.Qf5 Be5 22.
Be4 Be6 23.Qh5 Bxa1 24.Bxa8 Be5 25.Be4 Kg7 26.Nh4 Bd4 27.Bf5 Qe5 28.Qg4+ 
Kf8 29.Bxe6 Rg8 30.Qf3 fxe6 31.Qb7 f5 32.Nf3 Qd5 33.Qb8+ Kg7 34.Qxa7+ Kh8 
35.Nxd4 cxd4 36.Qxb6 f4 37.Rd1 d3 38.Qc7 fxg3 39.Qc3+ e5 40.hxg3 Rd8 41.a4
Kh7 42.a5 e4 43.Qb4 Rd7 44.Qb6 Rb7 45.Qe3 Rxb3 46.a6 Ra3 47.Qa7+ Kg6 48.
Qb6+ Kh5 49.Kg2 e3+ 50.f3 Ra2+ 51.Kh3 Qxf3 52.Qb5+ Kg6 53.Qe8+ Kg7 54.Qe7+
Qf7 55.Qxf7+ Kxf7 56.Rxd3 Rxa6 57.Rxe3 1/2-1/2

[Event "17th Asia-ch (w)"]
[Site "Manila PHI"]
[Date "2013.05.23"]
[Round "6.4"]
[White "Ni Shiqun"]
[Black "Huang Qian"]
[Result "1/2-1/2"]
[WhiteElo "2213"]
[BlackElo "2469"]
[EventDate "2013.05.18"]
[PlyCount "77"]

1.e4 c5 2.Nf3 d6 3.Bb5+ Nc6 4.O-O Bd7 5.Re1 Nf6 6.c3 a6 7.Bf1 Bg4 8.h3 
Bxf3 9.Qxf3 g6 10.d3 Bg7 11.Be3 Nd7 12.Nd2 O-O 13.Qd1 b5 14.Nf3 Nf6 15.Qc2
Rc8 16.Rac1 Nd7 17.Qd2 Nb6 18.d4 cxd4 19.cxd4 d5 20.Bh6 e6 21.Bxg7 Kxg7 
22.e5 Qe7 23.b3 Qb4 24.Qf4 Nd7 25.Bd3 a5 26.h4 h5 27.Bb1 a4 28.bxa4 bxa4 
29.Rcd1 Qe7 30.Ng5 Nd8 31.Re3 Rh8 32.Rg3 Rh6 33.Qd2 Nb6 34.Rf3 Nc4 35.Qe2 
Rc7 36.Bd3 a3 37.Bxc4 Rxc4 38.Qe3 Rh8 39.Qxa3 1/2-1/2

[Event "17th Asia-ch (w)"]
[Site "Manila PHI"]
[Date "2013.05.23"]
[Round "6.5"]
[White "Pham Le Thao Nguyen"]
[Black "San Diego, Marie Antoinette"]
[Result "1-0"]
[WhiteElo "2399"]
[BlackElo "1947"]
[EventDate "2013.05.18"]
[PlyCount "95"]

1.d4 d5 2.c4 c6 3.Nc3 Nf6 4.cxd5 cxd5 5.Bf4 Nc6 6.e3 a6 7.Bd3 e6 8.Rc1 Bd6
9.Nge2 O-O 10.O-O Bxf4 11.Nxf4 Qd6 12.Bb1 b5 13.Nce2 Bb7 14.Nd3 Nd7 15.Nc5
Nxc5 16.Rxc5 f5 17.Qc2 Rac8 18.Rc1 Nb8 19.Qd2 Nd7 20.Rxc8 Rxc8 21.Nf4 Kf7 
22.h3 Rxc1+ 23.Qxc1 Qc6 24.Qd1 g6 25.Bd3 Nb6 26.Be2 Nc4 27.Nd3 Kf6 28.Qe1 
Qc8 29.Qc1 Qc6 30.b3 Nd6 31.Qa3 Ke7 32.Bf1 Qb6 33.f3 a5 34.Qc1 Qc6 35.Qe1 
g5 36.Qxa5 Bc8 37.Qe1 Nf7 38.Qb4+ Nd6 39.Nc5 Bd7 40.a4 bxa4 41.bxa4 Kf7 
42.a5 Bc8 43.Qb8 Nb7 44.Nd3 Kg7 45.a6 Nd6 46.Nc5 Nc4 47.Bxc4 dxc4 48.a7 
1-0

[Event "17th Asia-ch (w)"]
[Site "Manila PHI"]
[Date "2013.05.23"]
[Round "6.6"]
[White "Karenza, Dita"]
[Black "Sihite, Chelsie Monica"]
[Result "0-1"]
[WhiteElo "1821"]
[BlackElo "2290"]
[EventDate "2013.05.18"]
[PlyCount "64"]

1.e4 e5 2.Nf3 Nf6 3.Nxe5 d6 4.Nf3 Nxe4 5.d4 d5 6.Bd3 Bd6 7.O-O O-O 8.h3 c6
9.Re1 f5 10.c4 Nd7 11.cxd5 cxd5 12.Qb3 Ndf6 13.Nc3 Kh8 14.Bg5 Nxg5 15.Nxg5
Ne4 16.Nf3 Be6 17.Rad1 g5 18.Ne5 Qb6 19.Qxb6 axb6 20.Bb1 Bxe5 21.dxe5 Nxc3
22.bxc3 Rfc8 23.Rd3 Ra3 24.Rc1 b5 25.Rg3 d4 26.Rxg5 Raxc3 27.Rxc3 dxc3 28.
Bc2 b4 29.Rh5 Bxa2 30.Bxf5 Rc7 31.e6 Bxe6 32.Bd3 b3 0-1

[Event "17th Asia-ch (w)"]
[Site "Manila PHI"]
[Date "2013.05.23"]
[Round "6.7"]
[White "Nguyen Thi Thanh An"]
[Black "Hoang Thi Nhu Y"]
[Result "1/2-1/2"]
[WhiteElo "2250"]
[BlackElo "2222"]
[EventDate "2013.05.18"]
[PlyCount "60"]

1.d4 d5 2.c4 c6 3.e3 Nf6 4.Nc3 a6 5.Nf3 b5 6.b3 Bg4 7.Be2 Nbd7 8.O-O e6 9.
Bb2 Bd6 10.h3 Bh5 11.cxd5 cxd5 12.Ne5 Bxe2 13.Nxe2 O-O 14.Ng3 Qb8 15.f4 
Rc8 16.Rf2 Ra7 17.Rc1 Rac7 18.Rfc2 Rxc2 19.Rxc2 Rxc2 20.Qxc2 Qc7 21.Qxc7 
Bxc7 22.Kf2 Kf8 23.Kf3 Ke8 24.Bc3 g6 25.Be1 Bd6 26.Bd2 Bc7 27.Be1 Bd6 28.
Bd2 Bc7 29.Be1 Bd6 30.Bd2 Bc7 1/2-1/2

[Event "17th Asia-ch (w)"]
[Site "Manila PHI"]
[Date "2013.05.23"]
[Round "6.8"]
[White "Perena, Catherine"]
[Black "Kulkarni, Bhakti Pradip"]
[Result "1-0"]
[WhiteElo "2170"]
[BlackElo "2244"]
[EventDate "2013.05.18"]
[PlyCount "49"]

1.d4 Nf6 2.c4 g6 3.Nc3 Bg7 4.Nf3 O-O 5.g3 c6 6.Bg2 d5 7.Qb3 dxc4 8.Qxc4 
Be6 9.Qa4 Qb6 10.O-O Rd8 11.e4 Bg4 12.Be3 Bxf3 13.Bxf3 Qxb2 14.Rfc1 Qb6 
15.Rab1 Qa6 16.Qxa6 bxa6 17.Na4 e5 18.dxe5 Nfd7 19.Rb7 Bxe5 20.Rd1 Kf8 21.
Bxa7 Ke8 22.Bb6 Rc8 23.Bg4 f5 24.exf5 h5 25.Bf3 1-0

[Event "17th Asia-ch (w)"]
[Site "Manila PHI"]
[Date "2013.05.23"]
[Round "6.9"]
[White "Zhai Mo"]
[Black "Nakhbaeva, Guliskhan"]
[Result "1-0"]
[WhiteElo "2259"]
[BlackElo "2379"]
[EventDate "2013.05.18"]
[PlyCount "99"]

1.e4 e6 2.d4 d5 3.Nd2 Nc6 4.Ngf3 Nf6 5.e5 Nd7 6.Nb3 a5 7.a4 b6 8.Bb5 Ncb8 
9.Be3 Be7 10.O-O Ba6 11.g3 c6 12.Bxa6 Nxa6 13.h4 c5 14.c3 O-O 15.Re1 Qc7 
16.Nh2 f6 17.Qg4 f5 18.Qh5 cxd4 19.Nxd4 Ndc5 20.Qe2 Qb7 21.Nhf3 Nc7 22.Ng5
Qc8 23.Kg2 Qd7 24.Qc2 Bxg5 25.hxg5 g6 26.Rh1 Ne8 27.b4 Na6 28.Qb2 Ng7 29.
Ne2 Nh5 30.Rh4 Rab8 31.f3 Nc7 32.b5 d4 33.Bxd4 Nd5 34.Qb3 f4 35.g4 Ng3 36.
Re1 Qe7 37.c4 Qxg5 38.Rh3 Nb4 39.Bf2 h5 40.Nxg3 hxg4 41.fxg4 fxg3 42.Qxg3 
Rxf2+ 43.Qxf2 Rd8 44.Ree3 Rc8 45.Re4 Rd8 46.Rd4 Re8 47.Qf6 Qxf6 48.exf6 
Kf7 49.g5 e5 50.Rd6 1-0

[Event "17th Asia-ch (w)"]
[Site "Manila PHI"]
[Date "2013.05.23"]
[Round "6.10"]
[White "Le Thanh Tu"]
[Black "Wang Doudou"]
[Result "1/2-1/2"]
[WhiteElo "2341"]
[BlackElo "2162"]
[EventDate "2013.05.18"]
[PlyCount "80"]

1.d4 d5 2.c4 c6 3.Nf3 Nf6 4.Nc3 e6 5.g3 Nbd7 6.Bg2 dxc4 7.a4 Bb4 8.O-O O-O
9.Qc2 Qe7 10.Na2 Bd6 11.Qxc4 e5 12.Qc2 Re8 13.Nc3 a5 14.Rd1 exd4 15.Nxd4 
Nc5 16.Bd2 h6 17.Rac1 Nce4 18.Nxe4 Nxe4 19.Be3 Bb4 20.Qb3 Nc5 21.Qc4 Ne4 
22.Nc2 Nd6 23.Qf4 Nf5 24.Nxb4 Qxb4 25.Qxb4 axb4 26.Bc5 Be6 27.Bxb4 Rxa4 
28.Bc3 Raa8 29.e4 Ne7 30.f4 f5 31.Rd6 Nc8 32.Rd4 fxe4 33.Bxe4 Ne7 34.Rb4 
Bd5 35.Bxd5+ Nxd5 36.Rxb7 Nxc3 37.Rxc3 Re2 38.Rf3 Ra1+ 39.Rf1 Rxf1+ 40.
Kxf1 Rxh2 1/2-1/2

[Event "17th Asia-ch (w)"]
[Site "Manila PHI"]
[Date "2013.05.23"]
[Round "6.11"]
[White "Lei Tingjie"]
[Black "Aulia, Medina Warda"]
[Result "1-0"]
[WhiteElo "2232"]
[BlackElo "2320"]
[EventDate "2013.05.18"]
[PlyCount "97"]

1.c4 e6 2.Nf3 Nf6 3.g3 d5 4.Bg2 Be7 5.d4 O-O 6.O-O dxc4 7.Qc2 b5 8.a4 b4 
9.Nbd2 Bb7 10.Nxc4 c5 11.Rd1 Nbd7 12.Nfe5 Bxg2 13.Kxg2 Qc8 14.Nxd7 Qxd7 
15.dxc5 Qc6+ 16.f3 Qxc5 17.Be3 Qc6 18.Bd4 Rfc8 19.Rac1 Nd7 20.Qb3 Qa6 21.
Qc2 e5 22.Be3 Nf6 23.Bf2 e4 24.fxe4 Qc6 25.Rd4 h5 26.Ne3 Qe6 27.Rc4 Rxc4 
28.Qxc4 Qe5 29.Nd5 Nxe4 30.Qd4 Qxd4 31.Nxe7+ Kf8 32.Ng6+ fxg6 33.Bxd4 a5 
34.Rc7 Nf6 35.Kf3 Rd8 36.e3 Rd5 37.Rc5 Kf7 38.Rxd5 Nxd5 39.Ke4 Nf6+ 40.
Bxf6 gxf6 41.Kd5 b3 42.Kc4 Ke6 43.Kb5 Kd5 44.Kxa5 Kc5 45.Ka6 g5 46.a5 Kc6 
47.e4 h4 48.gxh4 gxh4 49.h3 1-0

[Event "17th Asia-ch (w)"]
[Site "Manila PHI"]
[Date "2013.05.23"]
[Round "6.12"]
[White "Hoang Thi Bao Tram"]
[Black "Frayna, Janelle Mae"]
[Result "0-1"]
[WhiteElo "2310"]
[BlackElo "2050"]
[EventDate "2013.05.18"]
[PlyCount "92"]

1.d4 Nf6 2.Bg5 c5 3.Bxf6 gxf6 4.d5 Qb6 5.Qc1 f5 6.c4 Qb4+ 7.Nd2 Bg7 8.Rb1 
Qb6 9.e3 d6 10.Qc2 Nd7 11.Qxf5 Ne5 12.Qc2 Qa5 13.a3 Bd7 14.h3 b5 15.cxb5 
Bxb5 16.f4 Nd7 17.Nf3 Bxf1 18.Kxf1 Nb6 19.Kf2 Nxd5 20.Qe4 e6 21.Nc4 Qc7 
22.Rhd1 O-O 23.f5 Nf6 24.Qh4 d5 25.Ncd2 exf5 26.Qg5 Rfe8 27.Qxf5 Rab8 28.
Nf1 Qe7 29.Kg1 Qe6 30.Qg5 h6 31.Qh4 Ne4 32.Qh5 Nf6 33.Qh4 Ne4 34.Qh5 Rxb2 
35.Rxb2 Bxb2 36.Nh4 Ng5 37.Rd2 Bg7 38.Qd1 d4 39.exd4 Bxd4+ 40.Kh2 Ne4 41.
Rd3 Qe5+ 42.Ng3 Nf2 43.Qf3 Nxd3 44.Nf5 Qf4 45.Qxd3 Re1 46.h4 Bf2 0-1

[Event "17th Asia-ch (w)"]
[Site "Manila PHI"]
[Date "2013.05.23"]
[Round "6.13"]
[White "Soumya, Swaminathan"]
[Black "Qiu Mengjie"]
[Result "1-0"]
[WhiteElo "2300"]
[BlackElo "2122"]
[EventDate "2013.05.18"]
[PlyCount "69"]

1.e4 e5 2.Nf3 Nc6 3.Bb5 Nf6 4.d3 Bc5 5.c3 O-O 6.O-O d6 7.h3 h6 8.Re1 Bb6 
9.Nbd2 a6 10.Ba4 Ne7 11.d4 exd4 12.cxd4 Ng6 13.Bc2 Nh5 14.Nc4 Ba7 15.Ne3 
Nhf4 16.Nf5 d5 17.e5 Be6 18.Nxh6+ gxh6 19.Bxf4 Nxf4 20.Qd2 Nxh3+ 21.gxh3 
Kg7 22.Kh2 Rh8 23.Rg1+ Kf8 24.Qf4 c5 25.Nh4 Ke8 26.Rg7 Kd7 27.Bf5 Kc6 28.
Bxe6 fxe6 29.Qf7 Rb8 30.Qxe6+ Kb5 31.Nf5 Ka5 32.Rg3 Re8 33.Qxh6 Rf8 34.
Qd2+ Kb5 35.Rg6 1-0

[Event "17th Asia-ch (w)"]
[Site "Manila PHI"]
[Date "2013.05.23"]
[Round "6.14"]
[White "Nguyen Thi Mai Hung"]
[Black "Citra, Dewi Andhiani Anastasia"]
[Result "1/2-1/2"]
[WhiteElo "2284"]
[BlackElo "2155"]
[EventDate "2013.05.18"]
[PlyCount "116"]

1.d4 Nf6 2.Nf3 d6 3.Bg5 g6 4.Nbd2 Bg7 5.e4 c5 6.c3 h6 7.Bh4 cxd4 8.Nxd4 
O-O 9.Bc4 Nc6 10.N4f3 Bg4 11.O-O Rc8 12.Qe2 Qb6 13.h3 Bd7 14.Rab1 Nh5 15.
Rfe1 g5 16.Nxg5 Nf4 17.Qf3 hxg5 18.Bxg5 Ng6 19.Qh5 Nce5 20.Bb3 Be6 21.Be3 
Qa5 22.Bxe6 fxe6 23.Kh1 Nf4 24.Qg5 Nfd3 25.Rf1 Nc6 26.Qg4 Rf6 27.f4 Rcf8 
28.g3 Rh6 29.Kg2 Qh5 30.b4 Qxg4 31.hxg4 a5 32.a3 axb4 33.cxb4 b5 34.Rb3 
Nb2 35.Rc1 Rc8 36.e5 Na4 37.f5 exf5 38.Bxh6 Bxh6 39.exd6 exd6 40.Rd3 Bf8 
41.gxf5 Nxb4 42.Rxc8 Nxd3 43.Ne4 Kf7 44.Ng5+ Ke7 45.f6+ Kxf6 46.Nh7+ Ke5 
47.Nxf8 Kd5 48.Nd7 Nac5 49.Nb6+ Kd4 50.Kh3 Kc3 51.Rc6 Nf2+ 52.Kh4 Ne4 53.
Nd5+ Kc4 54.Ne3+ Kd3 55.Nf5 d5 56.g4 Nd7 57.Kh5 Nef6+ 58.Kg5 Nxg4 1/2-1/2

[Event "17th Asia-ch (w)"]
[Site "Manila PHI"]
[Date "2013.05.23"]
[Round "6.15"]
[White "Bernales, Christy Lamiel"]
[Black "Anggraeni, Nadia"]
[Result "0-1"]
[WhiteElo "2016"]
[BlackElo "1854"]
[EventDate "2013.05.18"]
[PlyCount "130"]

1.e4 e5 2.Nf3 Nc6 3.d4 exd4 4.Bc4 Nf6 5.e5 d5 6.Bb5 Ne4 7.Nxd4 Bd7 8.Bxc6 
bxc6 9.O-O Bc5 10.f3 Ng5 11.f4 Ne4 12.Nc3 Nxc3 13.bxc3 Bb6 14.Kh1 c5 15.
Nb3 Bb5 16.Rf3 d4 17.cxd4 c4 18.Nd2 Bc6 19.Rg3 Qxd4 20.c3 Qd5 21.Qf1 O-O-O
22.a4 h5 23.h4 g5 24.Rxg5 Qd3 25.Qxd3 Rxd3 26.Kh2 Rxc3 27.e6 f6 28.Bb2 Rc2
29.Bxf6 Rf8 30.Bg7 Rxf4 31.Rf1 Rxh4+ 32.Kg3 Rg4+ 33.Rxg4 hxg4 34.Rf8+ Kb7 
35.e7 Rxd2 36.e8=Q Rxg2+ 37.Kf4 Bxe8 38.Rxe8 Rf2+ 39.Kg3 c3 40.a5 c2 41.
Bh6 Rf6 42.Bc1 Bxa5 43.Re2 Rg6 44.Rxc2 Be1+ 45.Kg2 g3 46.Be3 a5 47.Rb2+ 
Kc6 48.Rc2+ Kd7 49.Rc4 Rc6 50.Rd4+ Ke6 51.Rd1 Rc2+ 52.Kf3 Bf2 53.Bf4 a4 
54.Ra1 Rc3+ 55.Kg2 a3 56.Bxc7 Rxc7 57.Rxa3 Rc2 58.Kf3 Kf6 59.Ra1 Kg5 60.
Rb1 Rc3+ 61.Kg2 Bc5 62.Ra1 Bd6 63.Ra2 Kg4 64.Re2 Bf4 65.Ra2 Rd3 0-1

[Event "17th Asia-ch (w)"]
[Site "Manila PHI"]
[Date "2013.05.23"]
[Round "6.16"]
[White "Fronda, Jan Jodilyn"]
[Black "Uuganbayar, Lkhamsuren"]
[Result "1-0"]
[WhiteElo "2028"]
[BlackElo "2137"]
[EventDate "2013.05.18"]
[PlyCount "77"]

1.e4 e6 2.d4 d5 3.Nc3 Bb4 4.e5 c5 5.a3 Bxc3+ 6.bxc3 Ne7 7.Qg4 cxd4 8.Qxg7 
Rg8 9.Qxh7 Qc7 10.Ne2 Nbc6 11.Bf4 dxc3 12.Qd3 Ng6 13.Bg3 Ncxe5 14.Qxc3 
Qxc3+ 15.Nxc3 Bd7 16.O-O-O Rc8 17.Nb5 Ke7 18.h4 a6 19.Nd4 Nc4 20.h5 Nge5 
21.h6 Rg6 22.Rh5 f6 23.Re1 Kf7 24.Bxe5 Nxe5 25.Rexe5 fxe5 26.Nf3 Ba4 27.
Nxe5+ Kf6 28.h7 Rg7 29.f4 Rh8 30.Bd3 Rxg2 31.Rh6+ Ke7 32.Rg6 Rh2 33.Rg7+ 
Kf8 34.Rf7+ Ke8 35.Rxb7 R8xh7 36.Bxh7 Rf2 37.Bg6+ Kd8 38.Rb4 Bb5 39.Bd3 
1-0

[Event "17th Asia-ch (w)"]
[Site "Manila PHI"]
[Date "2013.05.23"]
[Round "6.17"]
[White "Xu Huahua"]
[Black "Bayar Anu"]
[Result "1/2-1/2"]
[WhiteElo "2135"]
[BlackElo "2003"]
[EventDate "2013.05.18"]
[PlyCount "99"]

1.e4 c5 2.Nf3 g6 3.c3 Nf6 4.e5 Nd5 5.d4 cxd4 6.cxd4 d6 7.a3 Bg7 8.Bd3 Nc6 
9.Qe2 dxe5 10.dxe5 Bg4 11.Bb5 O-O 12.Bxc6 Rc8 13.O-O Rxc6 14.Nbd2 Nf4 15.
Qe4 Bh6 16.Nb3 Bf5 17.Qe1 Nd3 18.Qe2 Nxc1 19.Nxc1 Qb6 20.Nd3 Qa6 21.Rfd1 
Rd8 22.Nfe1 Qc4 23.h3 a5 24.Kf1 Rdc8 25.b4 b6 26.Rab1 R6c7 27.Rb2 Qb5 28.
bxa5 Qxa5 29.Rdb1 Rc6 30.g4 Be6 31.f4 Bc4 32.g5 Bf8 33.Qe3 Qd5 34.Kg1 Bxd3
35.Qxd3 Qxd3 36.Nxd3 e6 37.a4 Rc3 38.Rb3 Rc2 39.R1b2 R2c4 40.Kg2 Rxa4 41.
Kf3 Rd8 42.Ke3 h6 43.h4 hxg5 44.hxg5 Bc5+ 45.Nxc5 bxc5 46.Rb8 Ra3+ 47.Ke4 
Ra4+ 48.Ke3 Ra3+ 49.Ke4 Ra4+ 50.Ke3 1/2-1/2

[Event "17th Asia-ch (w)"]
[Site "Manila PHI"]
[Date "2013.05.23"]
[Round "6.18"]
[White "Romero, Gladys Hazelle"]
[Black "Galas, Bernadette"]
[Result "1/2-1/2"]
[WhiteElo "1927"]
[BlackElo "2045"]
[EventDate "2013.05.18"]
[PlyCount "67"]

1.d4 d5 2.c4 dxc4 3.e3 e6 4.Bxc4 a6 5.Nf3 Nf6 6.O-O c5 7.dxc5 Qxd1 8.Rxd1 
Bxc5 9.Be2 Nbd7 10.Nbd2 O-O 11.a3 b5 12.b4 Be7 13.Bb2 Bb7 14.Ne1 Rac8 15.
Rac1 Nb6 16.Bd4 Na4 17.Nd3 Rfd8 18.Nb3 Ne4 19.Bf3 Bd5 20.Bxe4 Bxe4 21.Ndc5
Nxc5 22.Nxc5 Bxc5 23.Bxc5 Bc2 24.Rxd8+ Rxd8 25.Bd4 Rc8 26.h3 Rc4 27.Kh2 
Bb3 28.Rxc4 Bxc4 29.Kg3 f6 30.Bc5 Kf7 31.Bd4 e5 32.Bc5 Ke6 33.e4 g6 34.f3 
1/2-1/2

[Event "17th Asia-ch (w)"]
[Site "Manila PHI"]
[Date "2013.05.23"]
[Round "6.19"]
[White "Jelsen Yemi"]
[Black "Mendoza, Shania Mae"]
[Result "1-0"]
[WhiteElo "1997"]
[BlackElo "1847"]
[EventDate "2013.05.18"]
[PlyCount "103"]

1.d4 c5 2.d5 e5 3.c4 d6 4.Nc3 Be7 5.e3 f5 6.Bd3 Nf6 7.Nge2 O-O 8.O-O Kh8 
9.b3 Na6 10.Ng3 e4 11.Bb1 Nc7 12.f3 exf3 13.Rxf3 g6 14.Bb2 Kg8 15.Qd2 Ng4 
16.Bc2 Bg5 17.Nce2 Qe7 18.Nf4 Re8 19.Re1 Bd7 20.Re2 Ne5 21.Rf1 b5 22.e4 
fxe4 23.Rxe4 Qg7 24.Qc1 bxc4 25.bxc4 Rab8 26.Bc3 Qh6 27.Bd2 Ng4 28.h3 Nf6 
29.Rxe8+ Rxe8 30.Qb2 Qh4 31.Qb7 Qxg3 32.Qxc7 Bxf4 33.Bxf4 Qc3 34.Qxd6 Bf5 
35.Bxf5 gxf5 36.Qxc5 Re1 37.Qf2 Rxf1+ 38.Qxf1 Qd4+ 39.Kh2 Kf7 40.Bc7 Kg6 
41.Qf4 Ne4 42.Qe5 Qxc4 43.Qe8+ Kg5 44.Qg8+ Kf6 45.Qe6+ Kg5 46.Qe7+ Kg6 47.
Be5 Ng5 48.Qf6+ Kh5 49.Qxf5 Qxa2 50.Bf4 h6 51.Bxg5 hxg5 52.Qh7# 1-0

[Event "17th Asia-ch (w)"]
[Site "Manila PHI"]
[Date "2013.05.24"]
[Round "7.1"]
[White "Guo Qi"]
[Black "Tan Zhongyi"]
[Result "1/2-1/2"]
[WhiteElo "2439"]
[BlackElo "2483"]
[EventDate "2013.05.18"]
[PlyCount "60"]

1.d4 d5 2.c4 e6 3.Nf3 Nf6 4.Nc3 Bb4 5.Bg5 h6 6.Bxf6 Qxf6 7.e3 O-O 8.Rc1 
dxc4 9.Bxc4 c5 10.O-O cxd4 11.Nxd4 Bd7 12.Qb3 Nc6 13.Nxc6 Bxc3 14.Qxb7 
Bxc6 15.Qxc6 Bxb2 16.Rc2 Rfc8 17.Qe4 Qe5 18.Bd3 Qxe4 19.Bxe4 Rxc2 20.Bxc2 
Rc8 21.Bb3 Kf8 22.Rd1 Rc1 23.Rxc1 Bxc1 24.Kf1 Ke7 25.Ke2 Kd6 26.Kd3 Ba3 
27.Kc4 a5 28.Ba4 Bb4 29.Kd3 Bc5 30.Bb5 Bb4 1/2-1/2

[Event "17th Asia-ch (w)"]
[Site "Manila PHI"]
[Date "2013.05.24"]
[Round "7.2"]
[White "Pham Le Thao Nguyen"]
[Black "Mongontuul, Batchujagijn"]
[Result "1/2-1/2"]
[WhiteElo "2399"]
[BlackElo "2442"]
[EventDate "2013.05.18"]
[PlyCount "74"]

1.d4 Nf6 2.Nf3 g6 3.Bf4 Bg7 4.e3 d6 5.c3 O-O 6.Be2 c5 7.dxc5 dxc5 8.Nbd2 
Nc6 9.e4 h6 10.O-O Be6 11.Qc2 Qc8 12.Rfd1 b6 13.Bf1 Rd8 14.h3 Qb7 15.Re1 
a6 16.Bc4 Bxc4 17.Nxc4 b5 18.Nce5 Rac8 19.Re2 Nxe5 20.Bxe5 Qb6 21.Rae1 Qe6
22.a3 Rd7 23.Qc1 Rcd8 24.Qe3 Rd3 25.Qf4 Nh5 26.Qg4 Qxg4 27.hxg4 Bxe5 28.
Nxe5 Nf4 29.Nxd3 Nxe2+ 30.Rxe2 Rxd3 31.f3 Kg7 32.Kf2 Kf6 33.Re1 Rd2+ 34.
Re2 Rd3 35.Re1 Rd2+ 36.Re2 Rd1 37.Re1 Rd2+ 1/2-1/2

[Event "17th Asia-ch (w)"]
[Site "Manila PHI"]
[Date "2013.05.24"]
[Round "7.3"]
[White "Gomes, Mary Ann"]
[Black "Wang Jue"]
[Result "1/2-1/2"]
[WhiteElo "2387"]
[BlackElo "2401"]
[EventDate "2013.05.18"]
[PlyCount "100"]

1.Nf3 Nf6 2.g3 g6 3.b3 d5 4.Bb2 c5 5.Bg2 Nc6 6.e3 Bg7 7.O-O O-O 8.c4 d4 9.
exd4 cxd4 10.d3 Nd7 11.Na3 Nc5 12.Nc2 Bf5 13.Ba3 Nxd3 14.Nh4 Nxf2 15.Rxf2 
Bxc2 16.Rxc2 d3 17.Rf2 Bd4 18.Nf3 Bxf2+ 19.Kxf2 Qa5 20.Bb2 Qc5+ 21.Kf1 Nb4
22.Ba3 Rad8 23.Qd2 a5 24.Re1 f6 25.Re3 e5 26.Ne1 f5 27.Rxd3 Rxd3 28.Nxd3 
Qd4 29.Bxb4 axb4 30.Bd5+ Kg7 31.Qe2 e4 32.Nf4 Qa1+ 33.Qe1 Qxe1+ 34.Kxe1 
Rb8 35.Ke2 Kf6 36.Ke3 Ke5 37.h4 Ra8 38.Bxb7 Rxa2 39.c5 Ra3 40.Bd5 Ra5 41.
c6 Rc5 42.Bc4 Rxc6 43.Nd5 h6 44.Nxb4 Rd6 45.Bb5 g5 46.hxg5 hxg5 47.Nc6+ 
Kd5 48.Ne7+ Ke5 49.Nc6+ Kd5 50.Ne7+ Ke5 1/2-1/2

[Event "17th Asia-ch (w)"]
[Site "Manila PHI"]
[Date "2013.05.24"]
[Round "7.4"]
[White "Huang Qian"]
[Black "Sihite, Chelsie Monica"]
[Result "1-0"]
[WhiteElo "2469"]
[BlackElo "2290"]
[EventDate "2013.05.18"]
[PlyCount "139"]

1.d4 Nf6 2.c4 e6 3.Nf3 b6 4.g3 Bb4+ 5.Bd2 Bxd2+ 6.Qxd2 Ba6 7.Qc2 Bb7 8.Bg2
c5 9.dxc5 bxc5 10.O-O O-O 11.Nc3 d6 12.Rad1 Qe7 13.Rd2 Nc6 14.Rfd1 Rfd8 
15.e3 h6 16.a3 Rab8 17.Qa4 a6 18.h3 Qc7 19.Ne1 Ne8 20.Nd3 Qb6 21.Rb1 Ne5 
22.Bxb7 Qxb7 23.Nxe5 dxe5 24.Rbd1 Rxd2 25.Rxd2 Nf6 26.Qd1 g6 27.Qc2 Kg7 
28.e4 Qc6 29.f3 Rb7 30.Qa4 Qb6 31.Kf2 Rb8 32.Ne2 g5 33.Qc2 Rd8 34.Rxd8 
Qxd8 35.Qc3 Qd6 36.Nc1 Nd7 37.Nd3 f6 38.Ke2 Kf7 39.Qa5 f5 40.Qd8 fxe4 41.
fxe4 Kg7 42.h4 gxh4 43.gxh4 Qd4 44.Qe7+ Kh8 45.Qxe6 Qxe4+ 46.Kd2 Qd4 47.
Qxh6+ Kg8 48.Qe6+ Kf8 49.Qd5 Qxd5 50.cxd5 Ke7 51.Ke3 Kd6 52.Ke4 c4 53.Nb4 
a5 54.Nc6 Nc5+ 55.Kf5 e4 56.h5 e3 57.Nd4 Kxd5 58.Nc2 e2 59.h6 Ne6 60.Kg4 
Nf8 61.Kf3 c3 62.b3 e1=Q 63.Nxe1 Kd4 64.Ke2 a4 65.Nc2+ Kc5 66.bxa4 Kc4 67.
a5 Kb5 68.Kd3 Kxa5 69.Kxc3 Ka4 70.Kd4 1-0

[Event "17th Asia-ch (w)"]
[Site "Manila PHI"]
[Date "2013.05.24"]
[Round "7.5"]
[White "Perena, Catherine"]
[Black "Ni Shiqun"]
[Result "1/2-1/2"]
[WhiteElo "2170"]
[BlackElo "2213"]
[EventDate "2013.05.18"]
[PlyCount "59"]

1.d4 Nf6 2.c4 g6 3.Nc3 d5 4.cxd5 Nxd5 5.e4 Nxc3 6.bxc3 Bg7 7.Be3 c5 8.Nf3 
Qa5 9.Qd2 O-O 10.Rc1 Rd8 11.Be2 cxd4 12.cxd4 Qxd2+ 13.Nxd2 Nc6 14.d5 Nd4 
15.Bxd4 Bxd4 16.Nb3 Be5 17.O-O Bf4 18.Rc3 e6 19.Bf3 b6 20.Rd1 Be5 21.Rc2 
Bb7 22.g3 exd5 23.exd5 Rd7 24.h4 h5 25.Nc1 Rad8 26.Nd3 Bd4 27.Nf4 Be5 28.
Nd3 Bd4 29.Nf4 Be5 30.Nd3 1/2-1/2

[Event "17th Asia-ch (w)"]
[Site "Manila PHI"]
[Date "2013.05.24"]
[Round "7.6"]
[White "Muminova, Nafisa"]
[Black "Lei Tingjie"]
[Result "1/2-1/2"]
[WhiteElo "2307"]
[BlackElo "2232"]
[EventDate "2013.05.18"]
[PlyCount "61"]

1.e4 e5 2.Nf3 Nc6 3.Bb5 Nf6 4.d3 Bc5 5.Bxc6 dxc6 6.Nbd2 O-O 7.O-O Re8 8.
Nc4 Nd7 9.a4 Bf8 10.Be3 f6 11.Qd2 Bd6 12.Nh4 Nf8 13.Qd1 Be6 14.Qf3 Qd7 15.
Qg3 Kh8 16.Nxd6 cxd6 17.f4 exf4 18.Qxf4 Bg8 19.Qg3 d5 20.exd5 Bxd5 21.Rf2 
Bf7 22.Raf1 Ne6 23.Nf5 Bg6 24.Nh4 Bf7 25.Kh1 c5 26.b3 Rad8 27.Nf5 Bg6 28.
Nh4 Bf7 29.Nf5 Bg6 30.Nh4 Bf7 31.Nf5 1/2-1/2

[Event "17th Asia-ch (w)"]
[Site "Manila PHI"]
[Date "2013.05.24"]
[Round "7.7"]
[White "Hoang Thi Nhu Y"]
[Black "Soumya, Swaminathan"]
[Result "0-1"]
[WhiteElo "2222"]
[BlackElo "2300"]
[EventDate "2013.05.18"]
[PlyCount "68"]

1.d4 Nf6 2.Nf3 g6 3.Bf4 c5 4.e3 Bg7 5.Be2 O-O 6.O-O b6 7.c3 Bb7 8.Nbd2 d6 
9.h3 Nbd7 10.Qb1 a6 11.a4 Qc7 12.Bh2 Rfe8 13.Rc1 e5 14.b4 Nd5 15.Bf1 Rac8 
16.Qb2 Bh6 17.Rab1 exd4 18.exd4 Nf4 19.c4 Ne2+ 20.Bxe2 Rxe2 21.d5 Rce8 22.
Rd1 Bc8 23.Qb3 Nf6 24.bxc5 Qxc5 25.Bg3 Bf5 26.Rb2 Nh5 27.Qxb6 Qxb6 28.Rxb6
Nxg3 29.Rxd6 Bc2 30.Ra1 Bxd2 31.fxg3 Be4 32.Rf1 Be3+ 33.Kh2 Rb8 34.Nh4 
Rbb2 0-1

[Event "17th Asia-ch (w)"]
[Site "Manila PHI"]
[Date "2013.05.24"]
[Round "7.8"]
[White "Frayna, Janelle Mae"]
[Black "Zhai Mo"]
[Result "0-1"]
[WhiteElo "2050"]
[BlackElo "2259"]
[EventDate "2013.05.18"]
[PlyCount "156"]

1.c4 Nf6 2.Nc3 e6 3.d4 Bb4 4.Qc2 O-O 5.a3 Bxc3+ 6.Qxc3 Qe8 7.g3 a5 8.b3 d6
9.Bg2 Ra7 10.Bg5 Nbd7 11.e4 e5 12.d5 h6 13.Be3 Ra8 14.Ne2 Ng4 15.Bd2 Nc5 
16.O-O b5 17.b4 Na4 18.Qc2 bxc4 19.bxa5 Nc5 20.Bb4 Nb3 21.Ra2 Ba6 22.Qc3 
Rb8 23.f3 Nf6 24.Rd1 Qb5 25.Bf1 Qa4 26.Qc2 Nh7 27.Nc1 Ng5 28.Kg2 f5 29.
exf5 Qd7 30.Nxb3 cxb3 31.Qxb3 Bxf1+ 32.Rxf1 Qxf5 33.g4 Qf4 34.Raf2 e4 35.
fxe4 Qxg4+ 36.Qg3 Rxf2+ 37.Rxf2 Qxe4+ 38.Kg1 Qxd5 39.Qg4 c5 40.Rf5 Qd3 41.
Be1 Rb1 42.Rf1 Qe3+ 43.Bf2 Nh3+ 44.Kg2 Nf4+ 45.Kg1 Rxf1+ 46.Kxf1 Qc1+ 47.
Be1 Qc4+ 48.Kf2 Nd3+ 49.Kg3 Qd5 50.Bc3 Ne5 51.Qc8+ Kh7 52.Bxe5 Qxe5+ 53.
Kg2 Qe4+ 54.Kg3 Qd3+ 55.Kg2 c4 56.a6 c3 57.a7 Qe2+ 58.Kg3 Qe3+ 59.Kg2 Qxa7
60.Qxc3 Qb7+ 61.Kg3 Qe4 62.Qf3 Qc2 63.h4 Kg6 64.Qg4+ Kf6 65.Qd4+ Ke6 66.
Qxg7 Qd3+ 67.Kg2 Qe4+ 68.Kg3 Qe3+ 69.Kg2 Qe2+ 70.Kg3 Qe1+ 71.Kf3 Qh1+ 72.
Ke3 Qxh4 73.Qg6+ Qf6 74.Qg8+ Kd7 75.Kd3 Qf5+ 76.Kc3 Qf3+ 77.Kb4 h5 78.a4 
Qg4+ 0-1